书目信息 |
| 题名: |
我国住宅小区智能化系统综合评价体系研究
|
|
| 作者: | 黄志烨 著 | |
| 分册: | ||
| 出版信息: | 北京 经济科学出版社 2013 |
|
| 页数: | 184页 | |
| 开本: | 23cm | |
| 丛书名: | ||
| 单 册: | ||
| 中图分类: | TU855 | |
| 科图分类: | ||
| 主题词: | 居住区--智能系统--综合评价--研究--中国 , 居住区 , 综合评价 , 智能系统 | |
| 电子资源: | ||
| ISBN: | 978-7-5141-2871-0 | |
| 000 | 01114nam0 2200277 450 | |
| 001 | 141131 | |
| 005 | 20141106112558.85 | |
| 010 | @a978-7-5141-2871-0@dCNY 35.00 | |
| 100 | @a20131209d2013 em y0chiy50 ea | |
| 101 | 0 | @achi |
| 102 | @aCN@b110000 | |
| 105 | @ay z 000yy | |
| 200 | 1 | @a我国住宅小区智能化系统综合评价体系研究@9wo guo zhu zhai xiao qu zhi neng hua xi tong zong he ping jia ti xi yan jiu@b专著@dComperehensive evaluation of intelligent system of housing estates in China@f黄志烨著@zeng |
| 210 | @a北京@c经济科学出版社@d2013 | |
| 215 | @a184页@d23cm | |
| 300 | @a中央财经大学学术著作基金资助出版 | |
| 330 | @a本书在分析和总结国内外智能建筑及智能小区评价体系及系统的基础上,以小区智能化系统分析为主线,建立了住宅小区智能化系统评价体系模型。 | |
| 510 | 1 | @aComperehensive evaluation of intelligent system of housing estates in China@zeng |
| 606 | 0 | @a居住区@x智能系统@x综合评价@x研究@y中国 |
| 606 | 0 | @a居住区 |
| 606 | 0 | @a综合评价 |
| 606 | 0 | @a智能系统 |
| 690 | @aTU855@v5 | |
| 701 | 0 | @a黄志烨@9huang zhi ye@c(女,@f1977~)@4著 |
| 801 | 0 | @c20141106 |
| 905 | @a241430@dTU855@eH920 | |
| 我国住宅小区智能化系统综合评价体系研究=Comperehensive evaluation of intelligent system of housing estates in China/黄志烨著.-北京:经济科学出版社,2013 |
| 184页;23cm |
| 中央财经大学学术著作基金资助出版 |
| ISBN 978-7-5141-2871-0:CNY 35.00 |
| 本书在分析和总结国内外智能建筑及智能小区评价体系及系统的基础上,以小区智能化系统分析为主线,建立了住宅小区智能化系统评价体系模型。 |
| ● |
| 相关链接 |
|
|
|
正题名:我国住宅小区智能化系统综合评价体系研究
索取号:TU855/H920
 
预约/预借
| 序号 | 登录号 | 条形码 | 馆藏地/架位号 | 状态 | 备注 |
| 1 | 0837009 | 208370092 | 建筑库201/201建筑库 54排7列5层/ [索取号:TU855/H920] | 在馆 | |
| 2 | 0837010 | 208370109 | 建筑库201/201建筑库 54排7列5层/ [索取号:TU855/H920] | 在馆 | |
| 3 | 0837011 | 208370118 | 建筑库201/201建筑库 54排7列5层/ [索取号:TU855/H920] | 在馆 |